5HLuxD.jpg

KING HENRY VIII SENIOR AND PRIMARY SCHOOL LIBRARY OPAC

DUCK ON A BIKE (Record no. 4060)

000 -LEADER
fixed length control field 00832nam a22002057a 4500
005 - DATE AND TIME OF LATEST TRANSACTION
control field 20251007115706.0
008 - FIXED-LENGTH DATA ELEMENTS--GENERAL INFORMATION
fixed length control field 250114b ||||| |||| 00| 0 eng d
020 ## - INTERNATIONAL STANDARD BOOK NUMBER
International Standard Book Number 9780439050234
040 ## - CATALOGING SOURCE
Transcribing agency KH8
082 ## - DEWEY DECIMAL CLASSIFICATION NUMBER
Classification number 823 SHA
100 ## - MAIN ENTRY--PERSONAL NAME
Personal name David Shannon
Relator term Shannon,David
245 ## - TITLE STATEMENT
Title DUCK ON A BIKE
260 ## - PUBLICATION, DISTRIBUTION, ETC.
Place of publication, distribution, etc. 557 BROADWAY,NEW YORK,NEW YORK 10012
Name of publisher, distributor, etc. THE BLUE SKY PRESS
Date of publication, distribution, etc. 2002
300 ## - PHYSICAL DESCRIPTION
Extent 32 pages
Other physical details Colour Illustration
Dimensions 25.4 x 25.4 cm
500 ## - GENERAL NOTE
General note A duck decides to ride a bike and soon influences all the other animals on the farm to ride bikes too.When Duck gets the zany idea to ride a bike one day, each animal on the farm has a reaction.
650 ## - SUBJECT ADDED ENTRY--TOPICAL TERM
Source of heading or term Duck
Topical term or geographic name entry element Juvenile Fiction
655 ## - INDEX TERM--GENRE/FORM
Source of term Juvenile Fiction
Genre/form data or focus term Juvenile Fiction
700 ## - ADDED ENTRY--PERSONAL NAME
Personal name Shannon,David
Relator term Illustrator
942 ## - ADDED ENTRY ELEMENTS (KOHA)
Source of classification or shelving scheme
Classification part 813.6 SHA
Koha item type Books - Fiction
Holdings
Withdrawn status Lost status Source of classification or shelving scheme Damaged status Not for loan Permanent Location Current Location Date acquired Full call number Barcode Date last seen Price effective from
          KH8 Primary School Library KH8 Primary School Library 2025-01-14 813.6 KHPL00004498 2025-12-05 2025-01-14

Powered By KH8 IT Dept